[Event "Hastings 0304 79th"]
[Site "Hastings"]
[Date "2004.01.01"]
[Round "5"]
[White "Kotronias, Vasilios"]
[Black "Hebden, Mark"]
[Result "1/2-1/2"]
[WhiteElo "2626"]
[BlackElo "2560"]
[PlyCount "104"]
[EventDate "2003.12.28"]
[Source "ChessBase"]
[SourceDate "2004.03.30"]

1. e4 e5 2. Nf3 Nc6 3. Bb5 a6 4. Ba4 Nf6 5. O-O Be7 6. Re1 b5 7. Bb3 O-O 8. c3 d6 9. h3 Na5 10. Bc2 c5 11. d4 Re8 12. dxe5 dxe5 13. Nxe5 Bb7 14. Nd2 Bd6 15. Ng4 Nxe4 16. Nxe4 Bxe4 17. Bg5 Qxg5 18. Bxe4 Rad8 19. Bxh7+ Kxh7 20. Rxe8 Rxe8 21. Qxd6 Re6 22. Qd3+ Rg6 23. f4 Qxf4 24. Rf1 Qc7 25. Rf5 Nc4 26. Rd5 Qe7 27. b3 Nb6 28. Re5 Qd6 29. Qf5 Qd1+ 30. Kf2 Qd2+ 31. Kf3 Qd1+ 32. Kf2 Qd2+ 33. Re2 Qd5 34. Re5 Qd2+ 35. Kf3 Qd1+ 36. Kg3 Qd6 37. Kh4 Nd7 38. Re8 Nf6 39. Nxf6+ Qxf6+ 40. Qxf6 Rxf6 41. Re5 c4 42. Rh5+ Kg8 43. Rc5 Rf2 44. bxc4 Rxg2 45. cxb5 axb5 46. Rxb5 f6 47. a4 Kh7 48. a5 Kh6 49. Rh5+ Kg6 50. Rc5 Kh6 51. Rh5+ Kg6 52. Rc5 Kh6 1/2-1/2

[Event "Isle of Man"]
[Site "?"]
[Date "1999.??.??"]
[Round "?"]
[White "Short, N."]
[Black "Hebden, M."]
[Result "0-1"]
[WhiteElo "2675"]
[BlackElo "2510"]
[PlyCount "84"]
[EventDate "1999.??.??"]
[Source "Chess Informant"]
[SourceDate "1999.10.01"]

1. e4 e5 2. Nf3 Nc6 3. Bb5 a6 4. Ba4 Nf6 5. O-O Be7 6. Re1 b5 7. Bb3 O-O 8. c3 d6 9. h3 Na5 10. Bc2 c5 11. d4 Re8 12. dxe5 dxe5 13. Nxe5 Bb7 14. Qf3 Bf8 15. Bf4 Re6 16. Ng4 Nc4 17. Nxf6+ Rxf6 18. Bg5 Rxf3 19. Bxd8 Rxd8 20. gxf3 Nxb2 21. a4 b4 22. Ra2 Nc4 23. Rd1 Re8 24. cxb4 cxb4 25. Nd2 Ne5 26. Bb3 Rd8 27. Kg2 Rd3 28. Bc2 Rc3 29. Bb1 Bc6 30. Nf1 Nxf3 31. Ne3 b3 32. Rb2 Nh4+ 33. Kg3 g5 34. Kg4 h6 35. Rd8 Kg7 36. Rbd2 Bc5 37. Bd3 Bxe3 38. fxe3 Bxa4 39. e5 Bc6 40. Rf2 a5 41. e6 fxe6 42. e4 Ng6 0-1

[Event "GER Ch 71st"]
[Site "?"]
[Date "2005.02.26"]
[Round "9"]
[White "Luther Thomas"]
[Black "Graf Alexander"]
[Result "1/2-1/2"]
[WhiteElo "2543"]
[BlackElo "2637"]
[PlyCount "42"]
[EventDate "2005.??.??"]
[Source "www.chesslib.no"]
[SourceDate "2004.05.04"]

1. e4 e5 2. Nf3 Nc6 3. Bb5 a6 4. Ba4 Nf6 5. O-O Be7 6. Re1 b5 7. Bb3 O-O 8. c3 d6 9. h3 Na5 10. Bc2 c5 11. d4 Nd7 12. Nbd2 exd4 13. cxd4 Nc6 14. d5 Nce5 15. Nxe5 Nxe5 16. a4 f5 17. axb5 f4 18. Nf3 Bf6 19. Bd3 Qb6 20. Bf1 Ra7 21. bxa6 g5 1/2-1/2

[Event "BCF-ch"]
[Site "Torquay"]
[Date "1998.08.06"]
[Round "10"]
[White "Short, Nigel D"]
[Black "Thipsay, Praveen Mahadeo"]
[Result "1-0"]
[WhiteElo "2660"]
[BlackElo "2515"]
[PlyCount "129"]
[EventDate "1998.08.??"]
[Source "ChessBase"]
[SourceDate "1998.11.06"]

1. e4 e5 2. Nf3 Nc6 3. Bb5 a6 4. Ba4 Nf6 5. O-O Be7 6. Re1 b5 7. Bb3 O-O 8. c3 d6 9. h3 Na5 10. Bc2 c5 11. d4 Bb7 12. Nbd2 cxd4 13. cxd4 exd4 14. Nxd4 Re8 15. b3 Bf8 16. Bb2 g6 17. Qf3 Bg7 18. Rad1 Rc8 19. Bb1 Qe7 20. Qe3 Nc6 21. Nf1 Nxd4 22. Bxd4 Qf8 23. f3 Nd5 24. Qf2 Nc3 25. Bxg7 Kxg7 26. Rd3 Nxb1 27. Rxb1 Re6 28. Rbd1 Rc6 29. Ne3 Qc8 30. Kh2 Kf8 31. Qg3 Qb8 32. Nd5 Kg7 33. b4 h6 34. h4 Qf8 35. Qf4 Kh7 36. Nf6+ Kg7 37. Ng4 h5 38. Ne3 Rb6 39. a3 Qe7 40. Qg3 Kh7 41. Rc1 Qd7 42. Qf4 Rc6 43. Rcd1 Qe7 44. Nd5 Qf8 45. Qg5 Qh8 46. Nf4 Re5 47. Qg3 Qf6 48. Nh3 Bc8 49. Ng5+ Kg7 50. f4 Re8 51. f5 Qe5 52. f6+ Qxf6 53. Rf3 Qe5 54. Rxf7+ Kg8 55. Rdf1 Qxg3+ 56. Kxg3 d5 57. exd5 Rc4 58. R7f4 Bf5 59. Rxc4 bxc4 60. Rc1 Bd3 61. Ne6 Kf7 62. Kf4 Ke7 63. Ke5 Kd7 64. Kd4 Kd6 65. Nc5 1-0

[Event "Jonsson Mem Open, Reykjavik ISL"]
[Site "?"]
[Date "2001.??.??"]
[Round "5"]
[White "Ehlvest, J."]
[Black "Chandler, M."]
[Result "1-0"]
[WhiteElo "2625"]
[BlackElo "2540"]
[PlyCount "91"]
[EventDate "2001.??.??"]
[Source "www.chesslib.no"]
[SourceDate "2004.05.04"]

1. e4 e5 2. Nf3 Nc6 3. Bb5 a6 4. Ba4 Nf6 5. O-O Be7 6. Re1 b5 7. Bb3 O-O 8. c3 d6 9. h3 Na5 10. Bc2 c5 11. d4 Bb7 12. dxe5 dxe5 13. Nxe5 Qxd1 14. Bxd1 Nxe4 15. Bc2 Rad8 16. Nf3 f5 17. Nbd2 Nxd2 18. Nxd2 Bd6 19. a4 Nc6 20. Nf3 h6 21. Kf1 Rf6 22. h4 b4 23. h5 c4 24. Be3 a5 25. Rad1 b3 26. Bb1 Re8 27. Nh4 Bc8 28. Bb6 Rxe1+ 29. Kxe1 Kf7 30. Kf1 Bb8 31. Bc5 Bc7 32. Ng6 Ke8 33. f4 Kf7 34. g3 Ke8 35. Kf2 Kf7 36. Ba3 Bb6+ 37. Kf1 Bc7 38. Rd5 Ke8 39. Nh4 Ne7 40. Bxe7 Kxe7 41. Bxf5 Bxf5 42. Nxf5+ Ke6 43. Ne3 Rf7 44. Ke2 Re7 45. Rb5 Kd7 46. Kf3 1-0

[Event "Calviá ol (Men)"]
[Site "Mallorca"]
[Date "2004.10.25"]
[Round "10.12"]
[White "Kovacevic, Aleksandar"]
[Black "Gustafsson, Jan"]
[Result "1/2-1/2"]
[WhiteElo "2556"]
[BlackElo "2603"]
[PlyCount "109"]
[EventDate "2004.10.15"]
[Source "Roberto Alvarez"]
[SourceDate "2004.10.25"]

1. e4 e5 2. Nf3 Nc6 3. Bb5 a6 4. Ba4 Nf6 5. O-O Be7 6. Re1 b5 7. Bb3 O-O 8. c3 d6 9. h3 Na5 10. Bc2 c5 11. d4 Bb7 12. d5 Bc8 13. b3 Re8 14. Be3 g6 15. Nbd2 Nb7 16. a4 Bd7 17. Bd3 Qb6 18. Qe2 Nh5 19. b4 Bf6 20. axb5 axb5 21. g3 Bg7 22. Rab1 Reb8 23. bxc5 Nxc5 24. Bxb5 Bxb5 25. c4 Bxc4 26. Qxc4 Qc7 27. Rxb8+ Rxb8 28. Bxc5 dxc5 29. Rc1 Bf8 30. Qc3 Bd6 31. Nc4 Nf6 32. Nfd2 Nd7 33. Ra1 Bf8 34. Qa5 Qc8 35. Qa6 Qd8 36. Kg2 Rb4 37. Qc6 Nb8 38. Qa8 Bh6 39. Rb1 Bxd2 40. Nxd2 Rxb1 41. Nxb1 Qb6 42. Nd2 Qb4 43. Nc4 Kg7 44. Qa2 Nd7 45. Qc2 Qe1 46. Qd3 Qa1 47. Nd6 Nf6 48. Qb5 Qa7 49. Ne8+ Nxe8 50. Qxe8 Qa1 51. d6 Qd4 52. Qc6 c4 53. d7 c3 54. h4 c2 55. Qxc2 1/2-1/2

[Event "FRA-chT"]
[Site "France"]
[Date "2002.03.31"]
[Round "6.2"]
[White "Van den Doel, Erik"]
[Black "Hebden, Mark"]
[Result "1/2-1/2"]
[WhiteElo "2585"]
[BlackElo "2558"]
[PlyCount "85"]
[EventDate "2002.02.01"]
[Source "ChessBase"]
[SourceDate "2002.07.08"]

1. e4 e5 2. Nf3 Nc6 3. Bb5 a6 4. Ba4 Nf6 5. O-O Be7 6. Re1 b5 7. Bb3 O-O 8. c3 d6 9. h3 Na5 10. Bc2 c5 11. d4 Re8 12. Nbd2 Bf8 13. Nf1 cxd4 14. cxd4 exd4 15. Nxd4 g6 16. Bg5 h6 17. Bh4 Bg7 18. Qf3 Bb7 19. Ne3 Rc8 20. Rad1 Nc4 21. Ng4 g5 22. Nxh6+ Bxh6 23. Nf5 gxh4 24. Nxh6+ Kf8 25. Qf4 Re6 26. Bb3 Bxe4 27. f3 Bg6 28. Rxe6 fxe6 29. Ng4 Kg7 30. Qh6+ Kf7 31. Bxc4 Qb6+ 32. Kh1 Rxc4 33. Nxf6 Kxf6 34. Qf8+ Bf7 35. b3 Rc5 36. Rd4 Rf5 37. Rxh4 Qc7 38. f4 Rh5 39. Rxh5 Qc1+ 40. Kh2 Qxf4+ 41. Kh1 Qf1+ 42. Kh2 Qf4+ 43. Kh1 1/2-1/2

[Event "Open"]
[Site "Montpellier"]
[Date "2003.??.??"]
[Round "7.2"]
[White "Degraeve, Jean Marc"]
[Black "Hebden, Mark"]
[Result "1/2-1/2"]
[WhiteElo "2541"]
[BlackElo "2544"]
[PlyCount "39"]
[EventDate "2003.07.07"]
[Source "Roberto Alvarez"]
[SourceDate "2003.08.04"]

1. e4 e5 2. Nf3 Nc6 3. Bb5 a6 4. Ba4 Nf6 5. O-O Be7 6. Re1 b5 7. Bb3 O-O 8. c3 d6 9. h3 Na5 10. Bc2 c5 11. d4 Bb7 12. d5 Bc8 13. Nbd2 Bd7 14. b3 g6 15. Nf1 Nh5 16. Bh6 Re8 17. Qd2 Bf8 18. Bg5 Be7 19. Bh6 Bf8 20. Bg5 1/2-1/2

[Event "London"]
[Site "?"]
[Date "1993.??.??"]
[Round "?"]
[White "Sax, Gy"]
[Black "Hebden, M."]
[Result "1-0"]
[WhiteElo "2515"]
[BlackElo "2560"]
[PlyCount "93"]
[EventDate "1993.??.??"]
[Source "ChessBase"]
[SourceDate "1993.06.01"]

1. e4 e5 2. Nf3 Nc6 3. Bb5 a6 4. Ba4 Nf6 5. O-O Be7 6. Re1 b5 7. Bb3 O-O 8. c3 d6 9. h3 Na5 10. Bc2 c5 11. d4 Re8 12. dxe5 dxe5 13. Nxe5 Bd6 14. Nxf7 Kxf7 15. e5 Qe7 16. Bf4 Bc7 17. Re3 Qd7 18. e6+ Rxe6 19. Qxd7+ Bxd7 20. Bxc7 Nc4 21. Rxe6 Bxe6 22. b3 Nd5 23. bxc4 Nxc7 24. cxb5 axb5 25. a4 Nd5 26. a5 Nf4 27. a6 Ra7 28. Ra5 Bd5 29. f3 Ke7 30. Kf2 Ne6 31. Na3 Nc7 32. Nxb5 Nxb5 33. Rxb5 Rxa6 34. Bxh7 Kd6 35. Rb2 Ra3 36. Rc2 Bb3 37. Rd2+ Kc7 38. Bf5 Ba4 39. Re2 Rxc3 40. Re7+ Kd6 41. Rxg7 Bb5 42. Ra7 Rc1 43. Ra2 c4 44. h4 c3 45. h5 Rh1 46. Rc2 Rxh5 47. g4 1-0

[Event "DSV-Turnier"]
[Site "Halle"]
[Date "1974.??.??"]
[Round "?"]
[White "Ciocaltea, Victor"]
[Black "Smejkal, Jan"]
[Result "1/2-1/2"]
[WhiteElo "2470"]
[BlackElo "2600"]
[PlyCount "41"]
[EventDate "1974.??.??"]
[Source "ChessBase"]

1. e4 e5 2. Nf3 Nc6 3. Bb5 a6 4. Ba4 Nf6 5. O-O Be7 6. Re1 b5 7. Bb3 O-O 8. c3 d6 9. h3 Na5 10. Bc2 c5 11. d4 cxd4 12. cxd4 Bb7 13. d5 Qc7 14. b3 Rac8 15. Bd3 Nh5 16. Bf1 f5 17. exf5 Nf4 18. Bxf4 exf4 19. Na3 Bf6 20. Rb1 Qc3 21. Nxb5 1/2-1/2

[Event "Netanya"]
[Site "Netanya ISR"]
[Date "1971.??.??"]
[Round "3"]
[White "Damjanovic, Mato"]
[Black "Reshevsky, Samuel H"]
[Result "1/2-1/2"]
[WhiteElo "2500"]
[BlackElo "2560"]
[PlyCount "57"]
[EventDate "1971.06.??"]
[Source "www.chesslib.no"]
[SourceDate "2004.05.04"]

1. e4 e5 2. Nf3 Nc6 3. Bb5 a6 4. Ba4 Nf6 5. O-O Be7 6. Re1 b5 7. Bb3 O-O 8. c3 d6 9. h3 Na5 10. Bc2 c5 11. d4 Nd7 12. Nbd2 cxd4 13. cxd4 Nc6 14. d5 Nb4 15. Bb1 a5 16. a3 Na6 17. Bd3 Rb8 18. b3 Ndc5 19. Bc2 f5 20. exf5 Bxf5 21. Bxf5 Rxf5 22. Nf1 Rf7 23. Be3 Qd7 24. Ng3 Rc8 25. Rc1 Rff8 26. Bxc5 Nxc5 27. b4 Na4 28. Qb3 Nb6 29. Rxc8 1/2-1/2

[Event "Clichy"]
[Site "Clichy"]
[Date "2001.06.30"]
[Round "6"]
[White "Renet, Olivier"]
[Black "Hebden, Mark"]
[Result "0-1"]
[WhiteElo "2494"]
[BlackElo "2560"]
[PlyCount "124"]
[EventDate "2001.06.25"]
[Source "ChessBase"]
[SourceDate "2001.11.13"]

1. e4 e5 2. Nf3 Nc6 3. Bb5 a6 4. Ba4 Nf6 5. O-O Be7 6. Re1 b5 7. Bb3 O-O 8. c3 d6 9. h3 Na5 10. Bc2 c5 11. d4 Nd7 12. Nbd2 exd4 13. cxd4 Nc6 14. dxc5 Nxc5 15. Nf1 Be6 16. Ne3 Bf6 17. Nd5 Bxd5 18. exd5 Ne5 19. Nd4 Re8 20. Bf4 g6 21. b4 Ncd7 22. Bb3 Nc4 23. Nc6 Rxe1+ 24. Qxe1 Qf8 25. Rc1 Re8 26. Qd1 Re4 27. Qf3 Qe8 28. Bxc4 bxc4 29. Be3 Bg7 30. a4 f5 31. b5 axb5 32. axb5 c3 33. g4 Ne5 34. Nxe5 Qxe5 35. gxf5 Qxf5 36. Qxf5 gxf5 37. Rb1 f4 38. Ba7 Ra4 39. b6 Bd4 40. Kg2 Ra2 41. Kf3 Rxf2+ 42. Ke4 Rb2 43. Ra1 Be5 44. Ra4 c2 45. Rc4 Rb4 46. Rxb4 c1=Q 47. b7 Qh1+ 48. Kd3 Qxh3+ 49. Kc4 Qf1+ 50. Kb3 Qb1+ 51. Ka3 Qa1+ 52. Kb3 Qb1+ 53. Ka3 Bb2+ 54. Rxb2 Qa1+ 55. Ra2 Qc3+ 56. Ka4 Qc4+ 57. Ka5 Qxd5+ 58. Kb6 Qc5+ 59. Ka6 Qc6+ 60. Bb6 Qc4+ 61. Ka7 Qxa2+ 62. Kb8 Qc4 0-1

[Event "Copenhagen Open 14th"]
[Site "Copenhagen DEN"]
[Date "1992.06.??"]
[Round "?"]
[White "Smagin, Sergey B"]
[Black "Hebden, Mark L"]
[Result "0-1"]
[WhiteElo "2550"]
[BlackElo "2500"]
[PlyCount "72"]
[EventDate "1992.??.??"]
[Source "www.chesslib.no"]
[SourceDate "2004.05.04"]

1. e4 e5 2. Nf3 Nc6 3. Bb5 a6 4. Ba4 Nf6 5. O-O Be7 6. Re1 b5 7. Bb3 O-O 8. c3 d6 9. h3 Na5 10. Bc2 c5 11. d4 Re8 12. Nbd2 Bf8 13. Nf1 cxd4 14. cxd4 exd4 15. Ng3 g6 16. Nxd4 Bb7 17. Bg5 h6 18. Bf4 Qb6 19. b3 d5 20. Be3 Qd8 21. e5 Rxe5 22. f4 Rxe3 23. Rxe3 Qb6 24. Kh2 Nc6 25. Rd3 Nxd4 26. Rxd4 Bg7 27. Rd2 Qe3 28. Qe1 Qxf4 29. Rad1 Nh5 30. Re2 Bf8 31. Rd3 Bb4 32. Re8+ Kh7 33. Qe5 Qxe5 34. Rxe5 Nxg3 35. Rxg3 Bd6 36. Re2 Rc8 0-1

[Event "Kopavogur"]
[Site "Kopavogur"]
[Date "1994.??.??"]
[Round "?"]
[White "Stefansson, Hannes"]
[Black "Emms, John M"]
[Result "1-0"]
[WhiteElo "2525"]
[BlackElo "2525"]
[PlyCount "85"]
[EventDate "1994.04.??"]
[Source "ChessBase"]

1. e4 e5 2. Nf3 Nc6 3. Bb5 a6 4. Ba4 Nf6 5. O-O Be7 6. Re1 b5 7. Bb3 O-O 8. c3 d6 9. h3 Na5 10. Bc2 c5 11. d4 Re8 12. a4 Bb7 13. d5 c4 14. Be3 Bc8 15. Nbd2 Bd7 16. Ra3 Qb8 17. axb5 axb5 18. Qa1 Nb7 19. Ba7 Qc8 20. b3 cxb3 21. Bxb3 Bd8 22. Rc1 Nh5 23. Be3 Rxa3 24. Qxa3 Nf4 25. Bd1 Ba5 26. Bxf4 exf4 27. Nd4 Qc5 28. Qa1 g6 29. N2b3 Qc7 30. Bg4 Bxg4 31. hxg4 Rxe4 32. Nxb5 Qe7 33. Nxa5 Nxa5 34. Nxd6 Qxd6 35. Qxa5 Rc4 36. Qb5 Rc5 37. Qe8+ Kg7 38. c4 f3 39. g3 Qf6 40. Qe3 Rc7 41. Qc3 Qxc3 42. Rxc3 Kf8 43. c5 1-0

[Event "Goodricke op"]
[Site "Calcutta"]
[Date "1997.??.??"]
[Round "8"]
[White "Zagrebelny, Sergey"]
[Black "Iuldachev, Saidali"]
[Result "0-1"]
[WhiteElo "2480"]
[BlackElo "2555"]
[PlyCount "132"]
[EventDate "1997.02.??"]
[Source "ChessBase"]

1. e4 e5 2. Nf3 Nc6 3. Bb5 a6 4. Ba4 Nf6 5. O-O Be7 6. Re1 b5 7. Bb3 O-O 8. c3 d6 9. h3 Na5 10. Bc2 c5 11. d4 Nd7 12. Nbd2 cxd4 13. cxd4 Nc6 14. d5 Nb4 15. Bb1 a5 16. a3 Na6 17. b4 Nb6 18. Bd3 Na4 19. Qb3 Qe8 20. Ra2 Bd7 21. Nf1 Qb8 22. Bd2 Qb7 23. Rc2 axb4 24. axb4 Rac8 25. Ne3 g6 26. Ng4 Rxc2 27. Bxc2 f6 28. Bd3 Rc8 29. Ne3 Bd8 30. g4 Nc7 31. Kf1 Ne8 32. Ng1 Ng7 33. Ne2 h5 34. f4 Bb6 35. f5 Qa7 36. Bb1 g5 37. Rc1 Rxc1+ 38. Nxc1 Nb2 39. Ke2 Bd4 40. Nd3 Nxd3 41. Bxd3 h4 42. Nc2 Bg1 43. Ne3 Ne8 44. Qb1 Bh2 45. Be1 Bg1 46. Bd2 Bh2 47. Be1 Bg1 48. Ng2 Nc7 49. Qc1 Na6 50. Nxh4 gxh4 51. g5 Qc7 52. Bc3 Qb6 53. Be1 Qc7 54. Qd2 Bh2 55. Qa2 Bc8 56. gxf6 Bf4 57. Bxb5 Qb6 58. Qc4 Nc7 59. Kf3 Kf7 60. Bf2 Qxb5 61. Qxc7+ Bd7 62. Qd8 Qd3+ 63. Kg2 Qxe4+ 64. Kg1 Qb1+ 65. Kg2 Qxf5 66. Qe7+ Kg6 0-1

[Event "XIV Leonardo di Bona - Magistrale"]
[Site "Cutro ITA"]
[Date "2008.04.29"]
[Round "7"]
[White "Solodovnichenko, Yuri"]
[Black "Naumkin, Igor"]
[Result "1-0"]
[WhiteElo "2538"]
[BlackElo "2494"]
[PlyCount "65"]
[EventDate "2008.04.23"]
[Source "www.chesslib.no"]
[SourceDate "2004.05.04"]

1. e4 e5 2. Nf3 Nc6 3. Bb5 a6 4. Ba4 Nf6 5. O-O Be7 6. Re1 b5 7. Bb3 O-O 8. c3 d6 9. h3 Na5 10. Bc2 c5 11. d4 Nd7 12. Nbd2 cxd4 13. cxd4 Nc6 14. d5 Nb4 15. Bb1 a5 16. a3 Na6 17. b4 axb4 18. axb4 Bb7 19. Qb3 f5 20. exf5 Nc7 21. Rxa8 Qxa8 22. Ne4 Nxd5 23. Nfg5 Kh8 24. Nxh7 Kxh7 25. f6 gxf6 26. Nxf6+ Kh8 27. Nxd7 Rg8 28. g3 Qc8 29. Qd3 Rg7 30. Bh6 Rf7 31. Qg6 Qc3 32. Bg7+ Rxg7 33. Qh5+ 1-0

[Event "GBR-ch"]
[Site "Millfield"]
[Date "2000.08.08"]
[Round "8"]
[White "Chandler, Murray G"]
[Black "Hebden, Mark"]
[Result "1-0"]
[WhiteElo "2526"]
[BlackElo "2505"]
[PlyCount "79"]
[EventDate "2000.07.31"]
[Source "ChessBase"]
[SourceDate "2000.09.14"]

1. e4 e5 2. Nf3 Nc6 3. Bb5 a6 4. Ba4 Nf6 5. O-O Be7 6. Re1 b5 7. Bb3 O-O 8. c3 d6 9. h3 Na5 10. Bc2 c5 11. d4 Re8 12. dxe5 dxe5 13. Nxe5 Bb7 14. Qf3 Bf8 15. Bf4 Re6 16. Ng4 Nc4 17. Nxf6+ Qxf6 18. Nd2 Ne5 19. Qg3 Qd8 20. Rad1 Ng6 21. Nc4 Qe7 22. Bd6 Qe8 23. Nb6 Rd8 24. Bxf8 Nxf8 25. Qc7 Rb8 26. Nd5 c4 27. Rd2 Bxd5 28. Rxd5 Rc6 29. Qg3 Ne6 30. Red1 g6 31. f4 Nc5 32. f5 Na4 33. Qg5 f6 34. Qg3 Nxb2 35. R1d4 g5 36. e5 fxe5 37. Rxe5 Qf8 38. Qxg5+ Kh8 39. Re7 Qf6 40. Rxh7+ 1-0

[Event "Akureyri"]
[Site "Akureyri"]
[Date "1994.??.??"]
[Round "?"]
[White "Jonsson, Bjorgvin"]
[Black "Sokolov, Ivan"]
[Result "1/2-1/2"]
[WhiteElo "2380"]
[BlackElo "2650"]
[PlyCount "143"]
[EventDate "1994.02.??"]
[Source "ChessBase"]

1. e4 e5 2. Nf3 Nc6 3. Bb5 a6 4. Ba4 Nf6 5. O-O Be7 6. Re1 b5 7. Bb3 O-O 8. c3 d6 9. h3 Na5 10. Bc2 c5 11. d4 Nd7 12. Nbd2 cxd4 13. cxd4 Nc6 14. Nf1 Nb6 15. Ne3 Bf6 16. d5 Nb4 17. Bb1 a5 18. a3 Na6 19. b4 Na4 20. Bd2 axb4 21. axb4 Bd7 22. Qb3 Qb8 23. Bd3 Rc8 24. Rec1 Rxc1+ 25. Rxc1 Nc7 26. Nc2 Bd8 27. Na1 Nb6 28. Qc2 Nc4 29. Bxc4 bxc4 30. Qxc4 Ra3 31. Nb3 Bb5 32. Qc2 Ba4 33. Rb1 f5 34. exf5 Kh8 35. Bc1 Rxb3 36. Rxb3 Nxd5 37. Qc4 Bxb3 38. Qxb3 Qb5 39. Bd2 h6 40. Qc2 Nb6 41. Qe4 Nd5 42. g4 Qc6 43. Qd3 Bf6 44. h4 Nxb4 45. Bxb4 e4 46. Qxd6 Qxd6 47. Bxd6 exf3 48. Bg3 Kh7 49. h5 Kg8 50. Kh2 Bd4 51. Bh4 Be5+ 52. Kh3 Kf7 53. g5 hxg5 54. Bxg5 Bc3 55. Kg3 Bd2 56. Kxf3 Bc3 57. Ke4 Bb2 58. Bd8 Bc3 59. Bc7 Kf6 60. Bd8+ Kf7 61. Bc7 Kf6 62. f3 Bb2 63. Bd6 Bc3 64. f4 Kf7 65. Be5 Bb4 66. Bd4 Be7 67. Kf3 Bd8 68. Kg4 Be7 69. f6 Bxf6 70. Bxf6 Kxf6 71. f5 Ke7 72. Kg5 1/2-1/2

[Event "Capo d'Orso Open 2008"]
[Site "Porto Mannu ITA"]
[Date "2008.05.22"]
[Round "7.4"]
[White "Aagaard, Jacob"]
[Black "Naumkin, Igor"]
[Result "1/2-1/2"]
[WhiteElo "2533"]
[BlackElo "2494"]
[PlyCount "90"]
[EventDate "2008.05.17"]
[Source "www.chesslib.no"]
[SourceDate "2004.05.04"]

1. e4 e5 2. Nf3 Nc6 3. Bb5 a6 4. Ba4 Nf6 5. O-O Be7 6. Re1 b5 7. Bb3 O-O 8. c3 d6 9. h3 Na5 10. Bc2 c5 11. d4 Nd7 12. d5 Nb6 13. Nbd2 f5 14. exf5 Bxf5 15. Bxf5 Rxf5 16. a4 bxa4 17. b4 cxb4 18. cxb4 Nb7 19. Ne4 a5 20. b5 Nc5 21. Nxc5 dxc5 22. Qc2 Rf8 23. Bb2 Qxd5 24. Rxe5 Qc4 25. Qb1 Ra7 26. Rh5 g6 27. Ne5 Qe6 28. Ra3 Bf6 29. Rg3 Rg7 30. Nxg6 hxg6 31. Rxg6 Qe7 32. Rhh6 Bxb2 33. Qxb2 Nd7 34. Rg3 Rf6 35. Rxf6 Qxf6 36. Qa2+ Kf8 37. Rxg7 Kxg7 38. Qxa4 Qd4 39. Qxa5 c4 40. Qd8 Qa1+ 41. Kh2 Qe5+ 42. g3 Qxb5 43. Qe7+ Kg6 44. Qe8+ Kf6 45. f4 Qb1 1/2-1/2

[Event "Berlin GER"]
[Site "Berlin GER"]
[Date "1971.??.??"]
[Round "?"]
[White "Schmid, Lothar M L"]
[Black "Teschner, Rudolf"]
[Result "1-0"]
[WhiteElo "2550"]
[BlackElo "2470"]
[PlyCount "77"]
[EventDate "1971.??.??"]
[Source "www.chesslib.no"]
[SourceDate "2004.05.04"]

1. e4 e5 2. Nf3 Nc6 3. Bb5 a6 4. Ba4 Nf6 5. O-O Be7 6. Re1 b5 7. Bb3 O-O 8. c3 d6 9. h3 Na5 10. Bc2 c5 11. d4 cxd4 12. cxd4 Bb7 13. Nbd2 Rc8 14. d5 g6 15. Bd3 Nh5 16. b4 Nc4 17. Nxc4 bxc4 18. Bf1 Ng7 19. Bh6 f5 20. Rc1 c3 21. Qb3 fxe4 22. Nxe5 dxe5 23. d6+ Kh8 24. dxe7 Qxe7 25. Rxc3 Rxc3 26. Qxc3 Rc8 27. Bxg7+ Kxg7 28. Qb2 Rd8 29. Rc1 Rd4 30. Rc5 Qd6 31. Qc3 Kf6 32. Be2 Rd2 33. Bxa6 Ba8 34. Bc4 Qd4 35. Qe3 g5 36. Rc8 Rd1+ 37. Kh2 Bb7 38. Rf8+ Kg7 39. Rg8+ 1-0

[Event "Neu Isenburg Open"]
[Site "Neu Isenburg"]
[Date "1992.04.24"]
[Round "3"]
[White "Wahls, Matthias"]
[Black "Emms, John M"]
[Result "1/2-1/2"]
[WhiteElo "2570"]
[BlackElo "2430"]
[PlyCount "74"]
[EventDate "1992.04.24"]
[Source "www.chesslib.no"]
[SourceDate "2004.05.04"]

1. e4 e5 2. Nf3 Nc6 3. Bb5 a6 4. Ba4 Nf6 5. O-O Be7 6. Re1 b5 7. Bb3 O-O 8. c3 d6 9. h3 Na5 10. Bc2 c5 11. d4 Re8 12. Nbd2 Bf8 13. d5 c4 14. b4 cxb3 15. axb3 Qc7 16. Bb2 Bd7 17. Bd3 Rec8 18. Ra2 Nb7 19. b4 a5 20. Qa1 Qd8 21. Nb1 Nh5 22. Bc1 Qf6 23. Nh2 Nf4 24. Bf1 Be7 25. Kh1 Bd8 26. Be3 Qg6 27. Nd2 f5 28. g3 Nh5 29. exf5 Qf7 30. Ng4 Bxf5 31. Bg2 Bxg4 32. hxg4 Nf6 33. Ne4 Nxg4 34. Qb2 axb4 35. Rxa8 Rxa8 36. cxb4 Nxe3 37. Rxe3 Qh5+ 1/2-1/2

[Event "Golombek mem"]
[Site "Paignton"]
[Date "2000.09.07"]
[Round "5"]
[White "Naumann, Alexander"]
[Black "Hebden, Mark"]
[Result "1/2-1/2"]
[WhiteElo "2489"]
[BlackElo "2505"]
[PlyCount "45"]
[EventDate "2000.09.03"]
[Source "ChessBase"]
[SourceDate "2000.11.21"]

1. e4 e5 2. Nf3 Nc6 3. Bb5 a6 4. Ba4 Nf6 5. O-O Be7 6. Re1 b5 7. Bb3 O-O 8. c3 d6 9. h3 Na5 10. Bc2 c5 11. d4 Re8 12. dxe5 dxe5 13. Nxe5 Bb7 14. Qf3 Bf8 15. Bf4 Re6 16. Ng4 Nxe4 17. Bxe4 f5 18. Qg3 Rxe4 19. Nh6+ Kh8 20. Nf7+ Kg8 21. Nh6+ Kh8 22. Nf7+ Kg8 23. Nh6+ 1/2-1/2

[Event "Capablanca mem-A"]
[Site "Cuba"]
[Date "1993.??.??"]
[Round "13"]
[White "Howell, James C"]
[Black "Hebden, Mark"]
[Result "1/2-1/2"]
[WhiteElo "2470"]
[BlackElo "2520"]
[PlyCount "39"]
[EventDate "1993.??.??"]
[Source "ChessBase"]

1. e4 e5 2. Nf3 Nc6 3. Bb5 a6 4. Ba4 Nf6 5. O-O Be7 6. Re1 b5 7. Bb3 O-O 8. c3 d6 9. h3 Na5 10. Bc2 c5 11. d4 Re8 12. a4 b4 13. cxb4 cxb4 14. d5 Nd7 15. b3 Nb7 16. Be3 a5 17. Nbd2 Nbc5 18. Nc4 Ba6 19. Nfd2 Rc8 20. Kh1 1/2-1/2

[Event "Hastings Challengers"]
[Site "Hastings"]
[Date "1999.01.05"]
[Round "8"]
[White "Gormally, Daniel"]
[Black "Hebden, Mark"]
[Result "1-0"]
[WhiteElo "2400"]
[BlackElo "2590"]
[PlyCount "85"]
[EventDate "1998.12.??"]
[Source "www.chesslib.no"]
[SourceDate "2004.05.04"]

1. e4 e5 2. Nf3 Nc6 3. Bb5 a6 4. Ba4 Nf6 5. O-O Be7 6. Re1 b5 7. Bb3 O-O 8. c3 d6 9. h3 Na5 10. Bc2 c5 11. d4 Re8 12. Nbd2 Bf8 13. Nf1 cxd4 14. cxd4 exd4 15. Ng3 g6 16. Nxd4 Bb7 17. b3 Nd7 18. Bb2 Bg7 19. Qd2 Rc8 20. Rad1 Ne5 21. Bb1 Nac6 22. Nxc6 Rxc6 23. f4 Qh4 24. Ne2 Nd7 25. Bxg7 Kxg7 26. Nd4 Rb6 27. Kh2 b4 28. Nf3 Qd8 29. Qd4+ Kg8 30. Nd2 d5 31. exd5 Rb5 32. Rxe8+ Qxe8 33. Be4 Qd8 34. d6 Qf6 35. Qxf6 Nxf6 36. Bxb7 Rxb7 37. Ne4 Nd7 38. Rc1 Rb6 39. Rc8+ Kg7 40. Rc7 Nf8 41. d7 Rb8 42. Nc5 a5 43. g4 1-0

[Event "Hastings op 9394"]
[Site "Hastings"]
[Date "1993.??.??"]
[Round "?"]
[White "Howell, James C"]
[Black "Hebden, Mark"]
[Result "1/2-1/2"]
[WhiteElo "2470"]
[BlackElo "2520"]
[PlyCount "73"]
[EventDate "1993.12.??"]
[Source "ChessBase"]

1. e4 e5 2. Nf3 Nc6 3. Bb5 a6 4. Ba4 Nf6 5. O-O Be7 6. Re1 b5 7. Bb3 O-O 8. c3 d6 9. h3 Na5 10. Bc2 c5 11. d4 Re8 12. a4 Bb7 13. d5 c4 14. Be3 Bc8 15. Nbd2 Rb8 16. Qe2 Bd7 17. axb5 axb5 18. Ra3 Nh5 19. Rea1 Nb7 20. b3 cxb3 21. Nxb3 Qc7 22. Bd3 Rec8 23. Nfd2 g6 24. Bxb5 Bxb5 25. Qxb5 Nc5 26. Qe2 Nxb3 27. Rxb3 Rxb3 28. Nxb3 Nf4 29. Bxf4 exf4 30. Rc1 Bf6 31. Nd2 Qa5 32. c4 Bc3 33. Nf3 Qa3 34. Rb1 Qa6 35. Rc1 Qa3 36. Rb1 Qa6 37. Rc1 1/2-1/2